000 00328nam a2200133Ia 4500
008 240624s9999 xx 000 0 und d
041 _aeng
082 _a658.421 HOL
100 _aHOLT DAVID H
245 _aENTREPRENEURSHIP NEW VENTURE CREATION
260 _c2004
_aNew Delhi
_bPrentice-Hall
300 _axix, : 553
365 _cRS
999 _c344
_d344